Central Library OPAC University of Rajshahi

The intellectual foundations of library education / (Record no. 417)

MARC details
000 -LEADER
fixed length control field 00579nam a22002057a 4500
001 - CONTROL NUMBER
control field 417
003 - CONTROL NUMBER IDENTIFIER
rucl marc code BD-RjUL
005 - DATE AND TIME OF LATEST TRANSACTION
control field 20211208233156.0
008 - FIXED-LENGTH DATA ELEMENTS--GENERAL INFORMATION
fixed length control field 131118s1965 enk||||| |||| 00| 0 eng
035 ## - SYSTEM CONTROL NUMBER
System control number (BD-RjUL) 434
040 ## - CATALOGING SOURCE
Original cataloging agency BD-RjUL
Language of cataloging eng
Transcribing agency BD-RjUL
041 ## - LANGUAGE CODE
Language code of text/sound track or separate title eng
082 00 - DEWEY DECIMAL CLASSIFICATION NUMBER
Classification number 020
Author mark and year INT 1965
245 04 - TITLE STATEMENT
Title The intellectual foundations of library education /
Statement of responsibility, etc. Edited by Don R Swanson.
260 ## - PUBLICATION, DISTRIBUTION, ETC. (IMPRINT)
Place of publication, distribution, etc. London:
Name of publisher, distributor, etc. The University of Chicago Press,
Date of publication, distribution, etc. 1965.
300 ## - PHYSICAL DESCRIPTION
Pagination 98 p. ;
Size 25 cm.
650 #0 - SUBJECT ADDED ENTRY--TOPICAL TERM
Topical term or geographic name as entry element Library science.
9 (RLIN) 1297
700 ## - ADDED ENTRY--PERSONAL NAME
Personal name Swanson, Don R.
942 ## - ADDED ENTRY ELEMENTS (KOHA)
Source of classification or shelving scheme Dewey Decimal Classification
Koha item type Books
Holdings
Lost status Source of classification or shelving scheme Damaged status Not for loan Permanent Location Current Location Shelving location Date acquired Source of acquisition Cost, normal purchase price Total Checkouts Full call number Date last seen Copy number Koha item type
  Dewey Decimal Classification     Central Library, University of Rajshahi Central Library, University of Rajshahi   03/11/1965 Mirza Book. 18.75   020 INT 1965 18/11/2013 C-1 Books